000 00600nam a22001697a 4500
005 20090205104410.0
008 090205t xxu||||| |||| 00| 0 eng d
040 _adpl
082 _a370
245 _aMaabadi
_beducational and cultural monthly magazine
260 _aChittoor
_bNayuni Chandrakala
_c2008-
300 _av.
_c26 cm
310 _amonthly
270 _a7-196, G K Palli Road, Chowdepalle
_bChittoor
_e517257
_k08581-256234
_l08581-256213
942 _2ddc
_cSR
_h370
_mMAA
_s1
999 _c23051
_d23051